000 00932nab a2200205 i 4500
001 BPP
003 BPK
005 20180427115032.0
008 s pl f |000 pol
040 _cBPK
041 _adeu
044 _aDEU
080 _a628.4
100 _aPIECUCH, Tadeusz.
_d1996 - .
_bPolitechnika Koszalińska - Wydział Budownictwa i Inżynierii Środowiska,
_cKatedra Technologii Wody, Ścieków i Odpadów
245 _aPraktische Anwendung der Pyrolyse bei der Verwertung von Abfallen - pyrolytische Verwertungseinrichtung vom typ WPS =
_bPraktyczne zastosowanie procesu pirolizy do utylizacji odpadów - utylizator pidolityczny typu WPS /
_cTadeusz Piecuch.
260 _c2002.
500 _aDane z Informatora o publikowanych wynikach prac naukowo-badawczych w 2002 Wydziału Budownictwa i Inżynierii Środowiska.
773 _dLeoben 2002. -
_gs. 5-16
_iW :
_tMontanauniweritat. -
942 _cART
_2UKD
999 _c1662
_d1662